Vállalkozói életre nevelés az iskolában, generációk és generációváltás a családi vállalkozásokban.
| Szerző: | |
|---|---|
| További közreműködők: | |
| Dokumentumtípus: | Diplomadolgozat |
| Kulcsszavak: | 21. század családi vállalkozások egyéni vállalkozók kereskedelem pedagógia |
| Online Access: | http://dolgozattar.uni-bge.hu/59634 |
MARC
| LEADER | 00000nta a2200000 i 4500 | ||
|---|---|---|---|
| 001 | dolg59634 | ||
| 005 | 20260409145334.0 | ||
| 008 | 260409suuuu hu om 000 hun d | ||
| 040 | |a BGE Dolgozattár Repozitórium |b hun | ||
| 041 | |a hu | ||
| 100 | 1 | |a Megyeri Ádám | |
| 245 | 1 | 0 | |a Vállalkozói életre nevelés az iskolában, generációk és generációváltás a családi vállalkozásokban. |c Megyeri Ádám |h [elektronikus dokumentum] |
| 520 | 3 | |a Szakdolgozatom a vállalkozói életre nevelés milyenségét vizsgálja a mai oktatásban, emellett a családi vállalkozásokra is kitekintek a generációváltás tekintetében, hisz a családi vállalkozások következő generációja is ezen iskolarendszerből fog kikerülni, emiatt ők is érintettek a témában. Témám azért is fontos, mert a mai iskolarendszer nem feltétlen helyez megfelelő hangsúlyt ezen ismeretek oktatására. Kutatásomban egyfajta helyzetértékelést végzek és felvázolok egy lehetséges oktatási módszertant ezen ismeretkörök tekintetében. | |
| 695 | |a 21. század | ||
| 695 | |a családi vállalkozások | ||
| 695 | |a egyéni vállalkozók | ||
| 695 | |a kereskedelem | ||
| 695 | |a pedagógia | ||
| 700 | 1 | |a Vágány Dr. Judit Bernadett |e ths | |
| 856 | 4 | 0 | |u http://dolgozattar.uni-bge.hu/59634/1/Megyeri_Adam_szakdolgozat_vegleges.pdf |z Dokumentum-elérés |
| 856 | 4 | 0 | |u http://dolgozattar.uni-bge.hu/59634/2/Megyeri_%C3%81d%C3%A1m_Szakoktat%C3%B3%20BA%20B%C3%8DR%C3%81LATA_%202025_Dr.K%C3%A1rp%C3%A1ti-Dar%C3%B3czi%20Judit.pdf |z Dokumentum-elérés |
| 856 | 4 | 0 | |u http://dolgozattar.uni-bge.hu/59634/3/Megyeri_Adam_szakoktato_VJ.pdf |z Dokumentum-elérés |